Pathways : (Record no. 362296)
[ view plain ]
| 000 -LEADER | |
|---|---|
| fixed length control field | 00497nam a2200145Ia 4500 |
| 008 - FIXED-LENGTH DATA ELEMENTS--GENERAL INFORMATION | |
| fixed length control field | 191023s9999 xx 000 0 und d |
| 020 ## - INTERNATIONAL STANDARD BOOK NUMBER | |
| International Standard Book Number | 9781111830823 |
| 100 ## - MAIN ENTRY--PERSONAL NAME | |
| Personal name | Chase, Becky Tarver. |
| 245 ## - TITLE STATEMENT | |
| Statement of responsibility, etc | Becky Tarver Chase, Robyn Brinks Lockwood.-- |
| Title | Pathways : |
| Remainder of title | listening, speaking and critical thinking / |
| 260 ## - PUBLICATION, DISTRIBUTION, ETC. (IMPRINT) | |
| Place of publication, distribution, etc | USA : |
| Name of publisher, distributor, etc | National Geographic Learning |
| Date of publication, distribution, etc | 2013 |
| 300 ## - PHYSICAL DESCRIPTION | |
| Extent | xii, 131 pages. |
| 500 ## - GENERAL NOTE | |
| General note | Teacher's guide. |
| 650 ## - SUBJECT ADDED ENTRY--TOPICAL TERM | |
| Topical term or geographic name as entry element | Critical Thinking |
| 650 ## - SUBJECT ADDED ENTRY--TOPICAL TERM | |
| Topical term or geographic name as entry element | english language -- rhetoric |
| Withdrawn status | Lost status | Damaged status | Home library | Current library | Shelving location | Date acquired | Source of acquisition | Total Checkouts | Full call number | Barcode | Date last seen | Price effective from | Koha item type |
|---|---|---|---|---|---|---|---|---|---|---|---|---|---|
| College Library | College Library | Reserve Section | 10/23/2019 | Library Fund | PE 1408 .C487 2013 | C21884 | 10/23/2019 | 10/23/2019 | Books |